[Event "Tradewise Gibraltar Master 2015"]
[Site "Gibraltar ENG"]
[Date "2015.01.31"]
[Round "5.20"]
[White "Melia, Salome"]
[Black "Naroditsky, Daniel"]
[Result "0-1"]
[WhiteElo "2473"]
[BlackElo "2622"]
[PlyCount "58"]
[EventDate "2015.01.27"]
[EventType "swiss"]
[EventRounds "10"]
[EventCountry "ENG"]
[Source "lmi"]
[SourceDate "2015.01.27"]

1. e4 e5 2. Nf3 Nc6 3. Bb5 a6 4. Ba4 Nf6 5. O-O Be7 6. Re1 b5 7. Bb3 d6 8. c3
O-O 9. d4 Bg4 10. Be3 Bh5 11. a4 Na5 12. Bc2 exd4 13. cxd4 b4 14. Nbd2 c5 15.
Qb1 Ng4 16. Bf4 cxd4 17. Nxd4 Qb6 18. h3 Qxd4 19. hxg4 Bxg4 20. Be3 Qf6 21. e5
dxe5 22. Bxh7+ Kh8 23. Be4 Rad8 24. f3 Be6 25. Kf2 Qh4+ 26. Ke2 Nb3 27. Bd3
Nxd2 28. Bxd2 e4 29. fxe4 Bg4+ 0-1

[Event "Tradewise Gibraltar Master 2015"]
[Site "Gibraltar ENG"]
[Date "2015.01.31"]
[Round "5.21"]
[White "Grandelius, Nils"]
[Black "Wagner, Dennis"]
[Result "0-1"]
[WhiteElo "2602"]
[BlackElo "2501"]
[PlyCount "74"]
[EventDate "2015.01.27"]
[EventType "swiss"]
[EventRounds "10"]
[EventCountry "ENG"]
[Source "lmi"]
[SourceDate "2015.01.27"]

1. e4 e5 2. Nf3 Nc6 3. Bb5 Nf6 4. d3 Bc5 5. Nbd2 d6 6. O-O O-O 7. Bxc6 bxc6 8.
h3 Re8 9. Re1 h6 10. Nf1 d5 11. Ng3 Bd6 12. b3 a5 13. a4 Nd7 14. Bb2 d4 15. Bc1
Nf8 16. Nh2 Ng6 17. Nf5 Nh4 18. Nxd6 cxd6 19. f4 exf4 20. Bxf4 Ng6 21. Bg3 d5
22. exd5 Rxe1+ 23. Qxe1 Qxd5 24. Qe8+ Kh7 25. Nf3 c5 26. Qe4 Qxe4 27. dxe4 f5
28. exf5 Bxf5 29. Rc1 Rc8 30. Kf1 Ne7 31. Ne5 Nd5 32. Nc4 Bg6 33. Bf2 Rf8 34.
Na3 Nc3 35. Ke1 Re8+ 36. Kf1 d3 37. Be1 Rf8+ 0-1

[Event "Tradewise Gibraltar Master 2015"]
[Site "Gibraltar ENG"]
[Date "2015.01.31"]
[Round "5.22"]
[White "Kjartansson, Gudmundur"]
[Black "Ganguly, Surya Shekhar"]
[Result "0-1"]
[WhiteElo "2468"]
[BlackElo "2595"]
[PlyCount "104"]
[EventDate "2015.01.27"]
[EventType "swiss"]
[EventRounds "10"]
[EventCountry "ENG"]
[Source "lmi"]
[SourceDate "2015.01.27"]

1. d4 Nf6 2. c4 g6 3. Nc3 d5 4. cxd5 Nxd5 5. e4 Nxc3 6. bxc3 Bg7 7. Nf3 c5 8.
Be3 Qa5 9. Qd2 Nc6 10. Rb1 a6 11. Rc1 f5 12. e5 f4 13. Bxf4 Bg4 14. Be2 Rd8 15.
Ng5 Bf5 16. g4 Bc8 17. Bc4 Bxe5 18. Bf7+ Kf8 19. Bxg6 cxd4 20. Be4 Kg7 21. Bxc6
Bxf4 22. Qxf4 Rhf8 23. Qd2 bxc6 24. cxd4 Qd5 25. Rg1 h6 26. Nh3 Qe4+ 27. Qe2
Rxd4 28. Rg3 Bxg4 29. Qxe4 Rxe4+ 30. Kf1 Rf6 31. Ng1 Kf7 32. Ra3 Be6 33. f3 Rh4
34. h3 Rc4 35. Rxc4 Bxc4+ 36. Kf2 Rd6 37. Ra4 Bb5 38. Rf4+ Kg7 39. a4 Bd3 40.
Ne2 c5 41. Ke3 e5 42. Rg4+ Kf7 43. Nc3 c4 44. a5 Rc6 45. Nd5 Bf5 46. Nb4 Rc5
47. Rh4 Kg6 48. Nxa6 Rxa5 49. Nb4 Rc5 50. f4 c3 51. fxe5 c2 52. Nxc2 Rxc2 0-1

[Event "Tradewise Gibraltar Master 2015"]
[Site "Gibraltar ENG"]
[Date "2015.01.31"]
[Round "5.23"]
[White "Mareco, Sandro"]
[Black "Svane, Rasmus"]
[Result "1-0"]
[WhiteElo "2583"]
[BlackElo "2496"]
[PlyCount "107"]
[EventDate "2015.01.27"]
[EventType "swiss"]
[EventRounds "10"]
[EventCountry "ENG"]
[Source "lmi"]
[SourceDate "2015.01.27"]

1. Nf3 Nf6 2. c4 b6 3. g3 Bb7 4. Bg2 g6 5. d4 Bg7 6. O-O O-O 7. Re1 e6 8. Nc3
Ne4 9. Nxe4 Bxe4 10. Bg5 Qe8 11. Qd2 d6 12. Bh6 Nd7 13. Bxg7 Kxg7 14. Qc3 Nf6
15. d5 Qe7 16. Rad1 Kg8 17. Nh4 Bxg2 18. Nxg2 e5 19. e4 a5 20. b3 Qd7 21. a3
Qh3 22. Nf4 Qh6 23. Kg2 Ng4 24. Nh3 f5 25. f3 f4 26. Rd3 Nf6 27. gxf4 Nd7 28.
fxe5 Nxe5 29. Rde3 g5 30. Rg1 g4 31. f4 gxh3+ 32. Kh1+ Ng6 33. f5 Qg7 34. fxg6
Qxc3 35. gxh7+ Kh8 36. Rxc3 Rf7 37. Rxh3 Re8 38. Rg8+ Rxg8 39. hxg8=Q+ Kxg8 40.
Kg2 Rf4 41. Rg3+ Kh7 42. Re3 a4 43. bxa4 Kg6 44. Kg3 Rf1 45. e5 dxe5 46. Rxe5
Ra1 47. Kf4 Rf1+ 48. Ke4 Re1+ 49. Kd4 Rd1+ 50. Kc3 Rc1+ 51. Kb3 Rb1+ 52. Kc2
Rh1 53. Re7 Rxh2+ 54. Kb3 1-0

[Event "Tradewise Gibraltar Master 2015"]
[Site "Gibraltar ENG"]
[Date "2015.01.31"]
[Round "5.24"]
[White "Nabaty, Tamir"]
[Black "Ducarmon, Quinten"]
[Result "1-0"]
[WhiteElo "2579"]
[BlackElo "2488"]
[PlyCount "65"]
[EventDate "2015.01.27"]
[EventType "swiss"]
[EventRounds "10"]
[EventCountry "ENG"]
[Source "lmi"]
[SourceDate "2015.01.27"]

1. d4 Nf6 2. c4 e6 3. Nc3 Bb4 4. Nf3 b6 5. e3 Bb7 6. Bd3 O-O 7. O-O Bxc3 8.
bxc3 Ne4 9. Qc2 f5 10. d5 Nc5 11. Ba3 Nba6 12. e4 Qf6 13. Nd4 g6 14. exf5 exf5
15. Qd2 Rfe8 16. Rae1 Nxd3 17. Qxd3 c6 18. dxc6 Bxc6 19. Nb5 Rxe1 20. Rxe1 Nc5
21. Qd4 Qg5 22. g3 Qh5 23. Nc7 Ne6 24. Rxe6 dxe6 25. Nxe6 Qh6 26. Qf6 Re8 27.
f4 Bd7 28. Be7 Rc8 29. c5 Rc6 30. Bd6 Rc8 31. Be5 bxc5 32. Ng5 c4 33. Qh8# 1-0

[Event "Tradewise Gibraltar Master 2015"]
[Site "Gibraltar ENG"]
[Date "2015.01.31"]
[Round "5.25"]
[White "Felgaer, Ruben"]
[Black "Trent, Lawrence"]
[Result "1/2-1/2"]
[WhiteElo "2575"]
[BlackElo "2470"]
[PlyCount "67"]
[EventDate "2015.01.27"]
[EventType "swiss"]
[EventRounds "10"]
[EventCountry "ENG"]
[Source "lmi"]
[SourceDate "2015.01.27"]

1. e4 e5 2. Nf3 Nc6 3. Bb5 a6 4. Ba4 Nf6 5. O-O Bc5 6. c3 b5 7. Bc2 d5 8. d3
dxe4 9. dxe4 Qxd1 10. Rxd1 Bb7 11. b4 Bd6 12. a4 O-O 13. Bg5 Nd7 14. Na3 h6 15.
Be3 Na7 16. Bxa7 Rxa7 17. axb5 Rfa8 18. Rab1 Nb6 19. Nd2 Bf8 20. Ndc4 Nxc4 21.
Nxc4 axb5 22. Nxe5 Re8 23. Nd7 Ra3 24. Nxf8 Kxf8 25. f3 Rxc3 26. Bd3 c6 27. Bf1
Ke7 28. Rbc1 Rxc1 29. Rxc1 Kd6 30. Kf2 Ra8 31. Rd1+ Kc7 32. Ke3 Ra3+ 33. Kd4
Rb3 34. Kc5 1/2-1/2

[Event "Tradewise Gibraltar Master 2015"]
[Site "Gibraltar ENG"]
[Date "2015.01.31"]
[Round "5.26"]
[White "Sandipan, Chanda"]
[Black "Holm, Kristian Stuvik"]
[Result "1-0"]
[WhiteElo "2574"]
[BlackElo "2330"]
[PlyCount "47"]
[EventDate "2015.01.27"]
[EventType "swiss"]
[EventRounds "10"]
[EventCountry "ENG"]
[Source "lmi"]
[SourceDate "2015.01.27"]

1. d4 Nf6 2. c4 c5 3. d5 b5 4. cxb5 a6 5. bxa6 g6 6. Nc3 Bg7 7. e4 O-O 8. a7
Rxa7 9. Nf3 d6 10. Be2 Ba6 11. O-O Nbd7 12. Rb1 Qa8 13. a4 Rb8 14. Nb5 Bxb5 15.
Bxb5 Rxb5 16. axb5 Nxe4 17. Re1 f5 18. Ng5 Ndf6 19. Nxe4 Nxe4 20. f3 Nf6 21. b4
Nxd5 22. bxc5 dxc5 23. Bb2 f4 24. b6 1-0

[Event "Tradewise Gibraltar Master 2015"]
[Site "Gibraltar ENG"]
[Date "2015.01.31"]
[Round "5.27"]
[White "Bok, Benjamin"]
[Black "Plotkin, Victor"]
[Result "1/2-1/2"]
[WhiteElo "2572"]
[BlackElo "2306"]
[PlyCount "194"]
[EventDate "2015.01.27"]
[EventType "swiss"]
[EventRounds "10"]
[EventCountry "ENG"]
[Source "lmi"]
[SourceDate "2015.01.27"]

1. e4 e5 2. Bc4 Nf6 3. d3 Nc6 4. Nf3 Be7 5. O-O O-O 6. Re1 d6 7. c3 h6 8. Nbd2
a6 9. Bb3 Re8 10. Nf1 Bf8 11. Ng3 Ne7 12. d4 Ng6 13. a4 c6 14. a5 Qc7 15. h3
Be6 16. Bc2 c5 17. Be3 Rec8 18. d5 Bd7 19. Qd2 Qd8 20. c4 b5 21. axb6 Qxb6 22.
Ra5 Be7 23. Ra2 Rcb8 24. Nf5 Qd8 25. Rea1 Bc8 26. g3 Rb4 27. b3 Bf8 28. Ra3 Qc7
29. Nh2 Qd8 30. Ng4 Nh7 31. Kg2 Ne7 32. Qe1 Nxf5 33. exf5 Nf6 34. Nxf6+ Qxf6
35. g4 Rb6 36. f3 Qd8 37. h4 Be7 38. Kh3 Bd7 39. Qg3 Qc8 40. Kg2 Kf8 41. Bd2
Rbb8 42. Rh1 a5 43. Rxa5 Rxa5 44. Bxa5 Ra8 45. Ra1 Bd8 46. Qe1 Bxa5 47. Rxa5
Qb7 48. Rxa8+ Qxa8 49. Kg3 f6 50. Be4 Qa2 51. Qe3 Qa1 52. Kg2 Qb2+ 53. Kg1 Qa1+
54. Kg2 Qb2+ 55. Kh3 Qa1 56. f4 Qf1+ 57. Kg3 exf4+ 58. Qxf4 Qxf4+ 59. Kxf4 Ke7
60. Ke3 Kd8 61. Kd3 Kc7 62. Kc3 Kb6 63. b4 Be8 64. Kb3 Bd7 65. Ka3 Be8 66. Bd3
Bd7 67. Bc2 Bc8 68. Be4 Ba6 69. Bd3 Bc8 70. Bc2 Ba6 71. Kb3 Bc8 72. Bd1 Bd7 73.
Bc2 Bc8 74. Be4 Bb7 75. Bb1 Bc8 76. Bc2 Bd7 77. Bd1 Bc8 78. Bc2 Bd7 79. Kc3 Be8
80. Bd1 Bd7 81. Bf3 Bc8 82. Be4 Bd7 83. Kb3 Bc8 84. Bb1 Bd7 85. Bc2 Bc8 86. Bd1
Bd7 87. Ka3 Bc8 88. Bc2 Ba6 89. Bb3 Bc8 90. Ba4 h5 91. Bd1 hxg4 92. Bxg4 cxb4+
93. Kxb4 Bd7 94. Bh3 Bc8 95. Bg4 Bd7 96. Bh3 Bc8 97. Bg4 Bd7 1/2-1/2

[Event "Tradewise Gibraltar Master 2015"]
[Site "Gibraltar ENG"]
[Date "2015.01.31"]
[Round "5.28"]
[White "Vishnu, Prasanna. V"]
[Black "Bogner, Sebastian"]
[Result "1-0"]
[WhiteElo "2463"]
[BlackElo "2565"]
[PlyCount "85"]
[EventDate "2015.01.27"]
[EventType "swiss"]
[EventRounds "10"]
[EventCountry "ENG"]
[Source "lmi"]
[SourceDate "2015.01.27"]

1. e4 c5 2. Nf3 e6 3. d4 cxd4 4. Nxd4 Nc6 5. Nc3 Qc7 6. Be3 a6 7. Qf3 Bd6 8.
O-O-O Be5 9. Nxc6 bxc6 10. Bd4 Nf6 11. Bxe5 Qxe5 12. Qe3 Ng4 13. Qe1 Qg5+ 14.
Rd2 Rb8 15. Nd1 O-O 16. f3 Ne5 17. Qe3 Qe7 18. a3 f6 19. f4 Nf7 20. Bd3 d5 21.
e5 fxe5 22. fxe5 c5 23. c4 Qc7 24. Re1 d4 25. Qh3 Nh6 26. Bb1 a5 27. Nf2 Bd7
28. Qd3 g6 29. Qh3 Kg7 30. g4 Nf7 31. Qh4 Qd8 32. Qg3 Ng5 33. Be4 a4 34. Bg2
Rb3 35. Nd3 Bb5 36. cxb5 c4 37. h4 cxd3 38. hxg5 Qxg5 39. Kd1 Rf4 40. Rf1 Rxg4
41. Qf3 Qxd2+ 42. Kxd2 Rxg2+ 43. Kd1 1-0

[Event "Tradewise Gibraltar Master 2015"]
[Site "Gibraltar ENG"]
[Date "2015.01.31"]
[Round "5.30"]
[White "Iturrizaga Bonelli, Eduardo"]
[Black "Guo, Qi"]
[Result "1-0"]
[WhiteElo "2649"]
[BlackElo "2439"]
[PlyCount "146"]
[EventDate "2015.01.27"]
[EventType "swiss"]
[EventRounds "10"]
[EventCountry "ENG"]
[Source "lmi"]
[SourceDate "2015.01.27"]

1. Nf3 d5 2. d4 Nf6 3. c4 e6 4. Nc3 Bb4 5. cxd5 exd5 6. Bg5 h6 7. Bxf6 Qxf6 8.
Qa4+ Nc6 9. e3 O-O 10. Be2 Be6 11. O-O a6 12. Rfc1 Rfd8 13. a3 Bd6 14. Qd1 Ne7
15. Na4 b6 16. b4 Ng6 17. Nb2 Nh4 18. Nd3 Bf5 19. Nfe5 Bxd3 20. Nxd3 Nf5 21. a4
Ne7 22. b5 a5 23. Rc3 Qe6 24. Rac1 Rd7 25. Bg4 f5 26. Bf3 Kh8 27. g3 g5 28. Bg2
Rad8 29. Qh5 Kg7 30. Qe2 Kh8 31. Kh1 Rg8 32. Qh5 Kg7 33. f4 Qf7 34. Qd1 Qe6 35.
Ne5 Rdd8 36. Qh5 Qf6 37. Bf1 Rc8 38. Bd3 Kh8 39. Nf7+ Kg7 40. Nxd6 cxd6 41.
Rxc8 Rxc8 42. Rxc8 Nxc8 43. Qe8 Ne7 44. Kg2 gxf4 45. exf4 h5 46. h4 Kh6 47. Qd8
Qe6 48. Kf2 Kg6 49. Qxb6 Ng8 50. Qxa5 Nf6 51. Qd2 Ne4+ 52. Bxe4 fxe4 53. f5+
Qxf5+ 54. Qf4 Qh3 55. Qg5+ Kh7 56. Qxh5+ Kg7 57. Qg5+ Kh7 58. Qe7+ Kh8 59. Qf8+
Kh7 60. Qf7+ Kh8 61. Qh5+ Kg7 62. Qg5+ Kh7 63. Kg1 Qc8 64. h5 Qc3 65. Qg6+ Kh8
66. Qf6+ Kh7 67. Qf7+ Kh8 68. Qf6+ Kh7 69. Kg2 Qd2+ 70. Kh3 Qd1 71. Qf7+ Kh8
72. h6 Qh1+ 73. Kg4 Qf3+ 1-0

[Event "Tradewise Gibraltar Master 2015"]
[Site "Gibraltar ENG"]
[Date "2015.01.31"]
[Round "5.31"]
[White "Sutovsky, Emil"]
[Black "Docx, Stefan"]
[Result "1-0"]
[WhiteElo "2637"]
[BlackElo "2450"]
[PlyCount "81"]
[EventDate "2015.01.27"]
[EventType "swiss"]
[EventRounds "10"]
[EventCountry "ENG"]
[Source "lmi"]
[SourceDate "2015.01.27"]

1. e4 c5 2. Nf3 d6 3. d4 cxd4 4. Nxd4 Nf6 5. Nc3 a6 6. Be3 e6 7. f3 b5 8. Qd2
Nbd7 9. g4 b4 10. Nce2 h6 11. Nf4 Ne5 12. O-O-O Qc7 13. h4 g6 14. Qxb4 Bd7 15.
Qd2 Qb7 16. Be2 Bb5 17. Nxb5 axb5 18. Qb4 Rxa2 19. Qb3 Ra5 20. Kd2 Be7 21. Ra1
Qa6 22. Rxa5 Qxa5+ 23. c3 Nfd7 24. Bxb5 Nxf3+ 25. Ke2 Nfe5 26. Rf1 Qa8 27. Nxe6
Qxe4 28. Nc7+ Kf8 29. Qa4 Qxa4 30. Bxa4 Nc5 31. Bc2 Bxh4 32. b4 Ncd7 33. Bd4
Kg7 34. b5 Rb8 35. Be4 Bd8 36. Ne8+ Kf8 37. Nxd6 Bb6 38. Bxg6 Bxd4 39. cxd4
Nxg6 40. Rxf7+ Kg8 41. Rxd7 1-0

[Event "Tradewise Gibraltar Master 2015"]
[Site "Gibraltar ENG"]
[Date "2015.01.31"]
[Round "5.32"]
[White "Neelotpal, Das"]
[Black "Bartel, Mateusz"]
[Result "1-0"]
[WhiteElo "2437"]
[BlackElo "2631"]
[PlyCount "95"]
[EventDate "2015.01.27"]
[EventType "swiss"]
[EventRounds "10"]
[EventCountry "ENG"]
[Source "lmi"]
[SourceDate "2015.01.27"]

1. d4 f5 2. g3 Nf6 3. Bg2 g6 4. c4 Bg7 5. Nf3 O-O 6. Nc3 d6 7. O-O c6 8. Qb3
Kh8 9. Rd1 Na6 10. Qa3 Qe8 11. b4 Nc7 12. Bb2 e5 13. dxe5 dxe5 14. Qa5 Na6 15.
b5 Nb8 16. Na4 e4 17. Ne5 Nbd7 18. bxc6 b6 19. Qb5 a6 20. cxd7 Bxd7 21. Qxd7
Nxd7 22. Nxd7 b5 23. Bxg7+ Kxg7 24. Nab6 Rf7 25. c5 Ra7 26. c6 Qe6 27. Rac1 Rc7
28. Nb8 Qxa2 29. Nd5 Rc8 30. c7 a5 31. e3 b4 32. Bf1 b3 33. Ra1 Qc2 34. Rac1
Qa2 35. Ra1 Qc2 36. Rac1 Qa2 37. Nc3 Qa3 38. Nb5 Qb4 39. Na6 Qf8 40. Ra1 Rf6
41. Rxa5 Rb6 42. Rb1 Ra8 43. Nd4 Qe8 44. Rxb3 Rxb3 45. Nxb3 Rxa6 46. Rxa6 Qe7
47. Rc6 Qe8 48. c8=Q 1-0

[Event "Tradewise Gibraltar Master 2015"]
[Site "Gibraltar ENG"]
[Date "2015.01.31"]
[Round "5.34"]
[White "Stefansson, Hannes"]
[Black "Karavade, Eesha"]
[Result "1-0"]
[WhiteElo "2573"]
[BlackElo "2398"]
[PlyCount "89"]
[EventDate "2015.01.27"]
[EventType "swiss"]
[EventRounds "10"]
[EventCountry "ENG"]
[Source "lmi"]
[SourceDate "2015.01.27"]

1. d4 Nf6 2. c4 e6 3. Nf3 d5 4. Nc3 Bb4 5. a3 Bxc3+ 6. bxc3 O-O 7. e3 c5 8. Bb2
Nc6 9. Rc1 Na5 10. cxd5 exd5 11. dxc5 Nc4 12. Bxc4 dxc4 13. a4 Bf5 14. Qd4 Qd5
15. Qxd5 Nxd5 16. Ne5 Be6 17. Ba3 Rfc8 18. O-O Ne7 19. Rb1 Nd5 20. Rfc1 b6 21.
Nxc4 bxc5 22. Nd6 Rc6 23. Nb7 c4 24. Nc5 Bg4 25. h3 Bh5 26. Rb7 f6 27. a5 Bg6
28. Rd7 Nc7 29. Rcd1 Nb5 30. Bb4 Be8 31. R7d5 Rac8 32. Nb7 a6 33. Nd8 R6c7 34.
e4 Na7 35. Ne6 Rc6 36. Nd4 R6c7 37. Nf5 Nc6 38. Bc5 Bf7 39. Rd6 Be8 40. Bb6 Rb7
41. R1d5 Ne7 42. Rd8 Rxd8 43. Rxd8 Nxf5 44. Rxe8+ Kf7 45. Rd8 1-0

[Event "Tradewise Gibraltar Master 2015"]
[Site "Gibraltar ENG"]
[Date "2015.01.31"]
[Round "5.35"]
[White "Nakar, Eylon"]
[Black "Mikhalevski, Victor"]
[Result "1-0"]
[WhiteElo "2419"]
[BlackElo "2571"]
[PlyCount "97"]
[EventDate "2015.01.27"]
[EventType "swiss"]
[EventRounds "10"]
[EventCountry "ENG"]
[Source "lmi"]
[SourceDate "2015.01.27"]

1. d4 Nf6 2. c4 e6 3. Nf3 d5 4. Nc3 Be7 5. Bf4 O-O 6. e3 b6 7. Bd3 Bb7 8. O-O
c5 9. cxd5 exd5 10. Ne5 Na6 11. Rc1 Nc7 12. Bb1 Ne6 13. Bg3 cxd4 14. exd4 Ne4
15. Re1 f5 16. Nf3 Rc8 17. Be5 Bb4 18. Qb3 Bxc3 19. bxc3 Ba6 20. Qa3 Bb5 21.
Qb2 a6 22. Nd2 Qg5 23. Nf1 Nf4 24. Bxf4 Qxf4 25. Ne3 Bc4 26. f3 Ng5 27. Qd2 Rc6
28. Rcd1 Rg6 29. Kh1 Ne6 30. Nxc4 dxc4 31. Re5 Qxd2 32. Rxd2 Rgf6 33. a4 Nc7
34. Ba2 b5 35. axb5 axb5 36. Rxb5 Nxb5 37. Bxc4+ R6f7 38. Bxb5 Re7 39. Kg1 Rd8
40. Kf2 Kf8 41. c4 Re6 42. d5 Rb6 43. Ke3 Rh6 44. Kd4 Rxh2 45. Kc5 Rh6 46. Rc2
Ke7 47. Re2+ Kf6 48. d6 Rh1 49. d7 1-0

[Event "Tradewise Gibraltar Master 2015"]
[Site "Gibraltar ENG"]
[Date "2015.01.31"]
[Round "5.36"]
[White "Sengupta, Deep"]
[Black "Kuipers, Stefan"]
[Result "1/2-1/2"]
[WhiteElo "2569"]
[BlackElo "2390"]
[PlyCount "99"]
[EventDate "2015.01.27"]
[EventType "swiss"]
[EventRounds "10"]
[EventCountry "ENG"]
[Source "lmi"]
[SourceDate "2015.01.27"]

1. Nf3 Nf6 2. c4 c6 3. Nc3 d5 4. e3 e6 5. b3 Bd6 6. Bb2 O-O 7. Qc2 e5 8. h3 a6
9. d3 Re8 10. Be2 Nbd7 11. O-O Nf8 12. Rfd1 Ng6 13. Bf1 Bd7 14. Rac1 d4 15.
exd4 exd4 16. Nxd4 Bf4 17. Rb1 Bxh3 18. gxh3 Qxd4 19. Ne4 Qd8 20. Nxf6+ gxf6
21. Re1 Rxe1 22. Rxe1 Qa5 23. Qe2 Bd2 24. Rd1 Bc3 25. Bxc3 Qxc3 26. d4 Rd8 27.
Qe3 Qc2 28. Rd2 Qf5 29. Bd3 Qd7 30. Bxg6 hxg6 31. Qf3 Rb8 32. Kf1 Kg7 33. Rd3
Qd6 34. a4 Rh8 35. d5 cxd5 36. Qxd5 Qxd5 37. cxd5 f5 38. Rc3 Kf6 39. Rc7 Rxh3
40. Rxb7 Ke5 41. d6 Kxd6 42. Rxf7 Rxb3 43. Rf6+ Ke5 44. Rxg6 Kf4 45. Kg2 Ra3
46. Rxa6 Ra1 47. Ra8 Ra3 48. a5 Ra1 49. a6 Ra3 50. Ra7 1/2-1/2

[Event "Tradewise Gibraltar Master 2015"]
[Site "Gibraltar ENG"]
[Date "2015.01.31"]
[Round "5.38"]
[White "Zude, Arno"]
[Black "Rasmussen, Allan Stig"]
[Result "1/2-1/2"]
[WhiteElo "2377"]
[BlackElo "2526"]
[PlyCount "80"]
[EventDate "2015.01.27"]
[EventType "swiss"]
[EventRounds "10"]
[EventCountry "ENG"]
[Source "lmi"]
[SourceDate "2015.01.27"]

1. e4 c5 2. Nf3 e6 3. d4 cxd4 4. Nxd4 Nc6 5. Nc3 Qc7 6. Be2 a6 7. O-O Nf6 8. a3
Be7 9. Be3 O-O 10. f4 d6 11. Kh1 Nxd4 12. Qxd4 e5 13. Qb6 Qxb6 14. Bxb6 exf4
15. Rxf4 Be6 16. Rd1 Rac8 17. Rff1 Rc6 18. Bd4 Nd7 19. Bd3 Bf6 20. Bxf6 Nxf6
21. h3 Re8 22. Kh2 Kf8 23. Rf2 h6 24. Rfd2 Ke7 25. Ne2 Rc5 26. Nd4 Re5 27. Nf3
Rh5 28. c3 g5 29. Nd4 g4 30. Nxe6 fxe6 31. Be2 Rd8 32. Rd4 b5 33. a4 bxa4 34.
Rxa4 a5 35. Kg1 Rb8 36. Bxg4 Re5 37. Rd2 Nxg4 38. hxg4 Rg8 39. Rad4 Rxg4 40.
Rxd6 Rgxe4 1/2-1/2

[Event "Tradewise Gibraltar Master 2015"]
[Site "Gibraltar ENG"]
[Date "2015.01.31"]
[Round "5.39"]
[White "Xu, Jun"]
[Black "Paehtz, Thomas"]
[Result "1-0"]
[WhiteElo "2523"]
[BlackElo "2365"]
[PlyCount "83"]
[EventDate "2015.01.27"]
[EventType "swiss"]
[EventRounds "10"]
[EventCountry "ENG"]
[Source "lmi"]
[SourceDate "2015.01.27"]

1. Nf3 Nf6 2. c4 g6 3. Nc3 Bg7 4. e4 d6 5. d4 O-O 6. h3 c5 7. d5 e6 8. Bd3 exd5
9. exd5 Re8+ 10. Be3 a6 11. O-O b6 12. Qd2 Ra7 13. Bg5 Nbd7 14. Rfe1 Ne5 15.
Nxe5 dxe5 16. a4 Qd6 17. a5 Nd7 18. axb6 Qxb6 19. Na4 Qd6 20. Qa5 Qc7 21. Nc3
Rb7 22. Qxc7 Rxc7 23. d6 Rc6 24. Be7 f5 25. Bc2 Nb6 26. Na4 Kf7 27. Nxb6 Rxb6
28. Ba4 Rxe7 29. dxe7 Kxe7 30. f3 Rxb2 31. Rab1 Rb4 32. Rxb4 cxb4 33. Rd1 e4
34. fxe4 fxe4 35. Kf2 Bh6 36. c5 Be6 37. Rd4 e3+ 38. Ke2 a5 39. c6 Bc8 40. c7
Ba6+ 41. Ke1 Bg5 42. Bb5 1-0

[Event "Tradewise Gibraltar Master 2015"]
[Site "Gibraltar ENG"]
[Date "2015.01.31"]
[Round "5.40"]
[White "Bartel, Marta"]
[Black "Popilski, Gil"]
[Result "0-1"]
[WhiteElo "2347"]
[BlackElo "2522"]
[PlyCount "68"]
[EventDate "2015.01.27"]
[EventType "swiss"]
[EventRounds "10"]
[EventCountry "ENG"]
[Source "lmi"]
[SourceDate "2015.01.27"]

1. d4 Nf6 2. Nf3 e6 3. c4 Bb4+ 4. Nbd2 d5 5. a3 Be7 6. Qc2 b6 7. e4 dxe4 8.
Nxe4 Bb7 9. Bd3 Nbd7 10. O-O c5 11. dxc5 Nxc5 12. Nxc5 bxc5 13. b4 Bxf3 14.
gxf3 O-O 15. Rd1 Qc7 16. bxc5 Bxc5 17. Bg5 h6 18. Bxf6 gxf6 19. Qd2 Kg7 20. Kh1
f5 21. Rg1+ Kh7 22. Rg3 Rg8 23. Rag1 Rg6 24. R3g2 Rd8 25. Qe2 Rxg2 26. Rxg2 Qd6
27. Qb2 Qd4 28. Qb7 Qa1+ 29. Rg1 Qf6 30. Rd1 Bxf2 31. Qb1 Rg8 32. Qc2 Bc5 33.
a4 Qg5 34. h3 Qh5 0-1

[Event "Tradewise Gibraltar Master 2015"]
[Site "Gibraltar ENG"]
[Date "2015.01.31"]
[Round "5.41"]
[White "Blomqvist, Erik"]
[Black "Soumya, Swaminathan"]
[Result "0-1"]
[WhiteElo "2520"]
[BlackElo "2346"]
[PlyCount "56"]
[EventDate "2015.01.27"]
[EventType "swiss"]
[EventRounds "10"]
[EventCountry "ENG"]
[Source "lmi"]
[SourceDate "2015.01.27"]

1. e4 c5 2. Nf3 d6 3. Bb5+ Nd7 4. d4 Ngf6 5. O-O cxd4 6. Qxd4 e5 7. Qe3 Be7 8.
Nc3 O-O 9. Rd1 a6 10. Bc4 b5 11. Bd5 Rb8 12. a3 Qc7 13. Ba2 b4 14. axb4 Rxb4
15. Nh4 Nc5 16. f3 d5 17. Rxd5 Na4 18. Qd2 Nxc3 19. bxc3 Ra4 20. Rd3 Be6 21.
Nf5 Rxa2 22. Rxa2 Bxa2 23. Qg5 g6 24. Rd6 Kh8 25. Rxa6 gxf5 26. Ba3 Qxc3 27. h3
Qe1+ 28. Kh2 Ng4+ 0-1

[Event "Tradewise Gibraltar Master 2015"]
[Site "Gibraltar ENG"]
[Date "2015.01.31"]
[Round "5.43"]
[White "Khademalsharieh, Sarasadat"]
[Black "Tarjan, James E"]
[Result "1/2-1/2"]
[WhiteElo "2372"]
[BlackElo "2518"]
[PlyCount "106"]
[EventDate "2015.01.27"]
[EventType "swiss"]
[EventRounds "10"]
[EventCountry "ENG"]
[Source "lmi"]
[SourceDate "2015.01.27"]

1. d4 d5 2. c4 e6 3. Nc3 Be7 4. Nf3 Nf6 5. Bf4 O-O 6. e3 c5 7. dxc5 Bxc5 8. Qc2
Nc6 9. a3 Qa5 10. Rd1 Be7 11. Be2 Ne4 12. cxd5 Nxc3 13. Qxc3 Qxc3+ 14. bxc3
exd5 15. Rxd5 Bxa3 16. O-O b6 17. Rd2 Bg4 18. h3 Bh5 19. Ra1 Bc5 20. Ra6 Rfd8
21. Rxd8+ Nxd8 22. Bc4 Bxf3 23. gxf3 Nc6 24. Bd5 Rc8 25. Bxc6 Rxc6 26. Rxa7 f6
27. Rc7 Rxc7 28. Bxc7 b5 29. Ba5 Kf7 30. Kf1 Ke6 31. Ke2 f5 32. f4 g6 33. Kd3
Kd5 34. Bc7 Kc6 35. Be5 Kd5 36. Bd4 Bd6 37. f3 Ke6 38. Bb6 Kd5 39. e4+ Kc6 40.
Be3 Bc7 41. c4 bxc4+ 42. Kxc4 Bb8 43. Kd3 Bc7 44. Kc4 Bb8 45. e5 Bc7 46. Bc5
Ba5 47. Bf8 Bc7 48. Bh6 Ba5 49. Bg5 Bc7 50. Kd3 Kd5 51. Ke2 Bb6 52. Kf1 Be3 53.
Kg2 Bd2 1/2-1/2

[Event "Tradewise Gibraltar Master 2015"]
[Site "Gibraltar ENG"]
[Date "2015.01.31"]
[Round "5.44"]
[White "Boruchovsky, Avital"]
[Black "Rydstrom, Tom"]
[Result "1-0"]
[WhiteElo "2517"]
[BlackElo "2292"]
[PlyCount "103"]
[EventDate "2015.01.27"]
[EventType "swiss"]
[EventRounds "10"]
[EventCountry "ENG"]
[Source "lmi"]
[SourceDate "2015.01.27"]

1. Nf3 Nf6 2. g3 d5 3. Bg2 c6 4. c4 Bf5 5. b3 h6 6. d3 e6 7. O-O Nbd7 8. Bb2
Bd6 9. Nbd2 Bh7 10. e4 dxe4 11. Nxe4 Be7 12. Nxf6+ Nxf6 13. d4 O-O 14. Qe2 Qc7
15. Rac1 Rad8 16. Ne5 Bd6 17. Rfd1 Qe7 18. Ba1 a5 19. Nd3 Rfe8 20. Re1 Bg6 21.
Qd2 Qc7 22. c5 Be7 23. Bc3 Ra8 24. Ne5 Nd5 25. Nxg6 fxg6 26. Rxe6 Nxc3 27. Qxc3
Bf6 28. Rce1 Rxe6 29. Rxe6 Qd7 30. Qc4 Kf8 31. d5 cxd5 32. Bxd5 Rd8 33. Rd6 Qc7
34. Rxd8+ Bxd8 35. Qe4 Qxc5 36. Qe6 Qc7 37. Qg8+ Ke7 38. Qxg7+ Kd6 39. Qg8 b6
40. Bf3 g5 41. Qg6+ Kc5 42. Qxh6 Kb4 43. Qf8+ Be7 44. Qe8 Ka3 45. Qa4+ Kb2 46.
Kg2 Bc5 47. b4 Bxb4 48. Qb3+ Kc1 49. a3 Be7 50. Be4 Bf6 51. Kf1 Qc3 52. Qb1+
1-0

[Event "Tradewise Gibraltar Master 2015"]
[Site "Gibraltar ENG"]
[Date "2015.01.31"]
[Round "5.45"]
[White "Vuilleumier, Alexandre"]
[Black "Javakhishvili, Lela"]
[Result "1/2-1/2"]
[WhiteElo "2336"]
[BlackElo "2486"]
[PlyCount "65"]
[EventDate "2015.01.27"]
[EventType "swiss"]
[EventRounds "10"]
[EventCountry "ENG"]
[Source "lmi"]
[SourceDate "2015.01.27"]

1. e4 c5 2. Nf3 e6 3. c3 Nf6 4. e5 Nd5 5. d4 cxd4 6. cxd4 d6 7. Bc4 Nb6 8. Bb3
dxe5 9. Nxe5 Nc6 10. Nxc6 bxc6 11. O-O Be7 12. Qc2 Qxd4 13. Qxc6+ Bd7 14. Qb7
Rc8 15. Be3 Qxb2 16. Nd2 Bc6 17. Qxa7 Nd5 18. Nc4 Qf6 19. Ba4 O-O 20. Nb6 Nxb6
21. Bxc6 Nc4 22. Bf3 Bd6 23. Rae1 Nxe3 24. Qxe3 Rc3 25. Qe4 Ra3 26. Re2 Rb8 27.
Rd1 Bf8 28. h3 g6 29. Rc2 Ra7 30. Qd4 Qxd4 31. Rxd4 Rb1+ 32. Rd1 Rxd1+ 33. Bxd1
1/2-1/2